Biblioteca

The Velveteen Rabbit (Registro nro. 47999)

Detalles MARC
000 -LÍDER
Campo fijo de descripción fija 00749nam a2200241 i 4500
001 - NÚMERO DE CONTROL
Campo de control BINCO
003 - IDENTIFICADOR DEL NÚMERO DE CONTROL
Campo de control CO-MdBIC
005 - FECHA Y HORA DE LA ULTIMA TRANSACCIÓN
control field 20200319145128.0
008 - ELEMENTOS DE LONGITUD FIJA -- INFORMACIÓN GENERAL
Campo fijo de descripción fija -- Información general 200319t1975 us a||ad |||| 00| f eng d
020 ## - NÚMERO INTERNACIONAL NORMALIZADO PARA LIBROS
Número Internacional Normalizado del libro 0-380-00255-8
040 ## - FUENTE DE CATALOGACIÓN
Agencia de catalogación original CO-MdBIC
Idioma de catalogación spa.
Agencia que realiza la transcripción CO-MdBIC
Agencia que realiza la modificación CO-MdBIC
041 ## - CÓDIGO DE IDIOMA
Código de idioma para texto/pista de sonido o título separado eng
082 04 - NÚMERO DE CLASIFICACIÓN DECIMAL DEWEY
Número de clasificación 803C
Número de la edición del Dewey 22
Clave de autor-Numero de item W67v
100 1# - ASIENTO PRINCIPAL--NOMBRE PERSONAL
Nombre personal Williams, Margery
Título de una obra The Velveteen Rabbit
245 10 - TÍTULO
Título del Material The Velveteen Rabbit
Mención de responsabilidad, etc. / Margery Williams ; William Nicholson ; Avon Camelot
250 ## - MENCIÓN DE EDICIÓN
Mención de edición Avon Camelot
264 ## - PRODUCCIÓN, PUBLICACIÓN, DISTRIBUCIÓN, MANUFACTURA, Y COPYRIGHT
Lugar de producción, publicación, distribución, manufactura New York :
Nombre del productor, publicador, distribuidor Avon Books
Fecha de producción, publicación, distribución, manufactura, o copyright ©1975
300 ## - DESCRIPCIÓN FÍSICA
Extensión [40 páginas] :
Otros detalles físicos Ilustración a color ,
Dimensiones 15 cm.
650 14 - ASIENTO SECUNDARIO DE MATERIA - TERMINO TEMÁTICO
Término temático o nombre geográfico como elemento de entrada Literatura Infantil
700 ## - ASIENTO SECUNDARIO - NOMBRE PERSONAL
Nombre personal Williams, Margery
Responsabilidad Escritor
700 ## - ASIENTO SECUNDARIO - NOMBRE PERSONAL
Nombre personal Nicholoom, William
Responsabilidad Ilustrador
942 ## - TIPO DE MATERIAL (KOHA)
Tipo de Item KOHA Z- Libro General BINCO
Existencias
Estado de Material Estado de Perdido Forma de Clasificación Estado de Dañado No para Préstamo Colección Tomo Biblioteca de Origen Biblioteca Permanente Ubicación en Estantería Fecha de Adquisición Total de Préstamos Signatura Topográfica Código de Barras Última vez visto Ejemplar/Existencia Fecha de Remplazo Tipo de Material Volumen-Parte/Tomo
    Dewey Decimal Classification     Colección Juvenil   Biblioteca Infantil Comunitaria BINCO Biblioteca Infantil Comunitaria BINCO Inglés 17/04/2006   813C W67v B30280 19/03/2020 2 26/01/2016 Z- Libro General BINCO  
              Biblioteca Infantil Comunitaria BINCO Biblioteca Infantil Comunitaria BINCO   15/04/2006   GI CJ W670v B30499 24/11/2016 1 26/01/2016 Z- Libro General BINCO  

Biblioteca FUSBC | Teléfono: (57+4) 349 88 10 Ext. 141| WhatsApp (+57) 3005338115 
E-mail: biblioteca@unisbc.edu.co | Calle 76 87-14 Robledo Palenque, Medellín, Colombia

Con tecnología Koha